The use of land owned by public bodies to deliver National Park objectives (Record no. 72124)
[ view plain ]
| 000 -LEADER | |
|---|---|
| fixed length control field | 01591cam a2200229 4500 |
| 001 - CONTROL NUMBER | |
| control field | X121370 |
| 008 - FIXED-LENGTH DATA ELEMENTS--GENERAL INFORMATION | |
| fixed length control field | 030218n2003 000 0 eng u |
| 035 ## - SYSTEM CONTROL NUMBER | |
| System control number | (Sirsi) u121370 |
| 100 ## - MAIN ENTRY--PERSONAL NAME | |
| Personal name | Willmore, C. |
| 245 #4 - TITLE STATEMENT | |
| Title | The use of land owned by public bodies to deliver National Park objectives |
| 260 ## - PUBLICATION, DISTRIBUTION, ETC. | |
| Date of publication, distribution, etc. | 2003 |
| 490 ## - SERIES STATEMENT | |
| Series statement | Journal of Planning and Environment Law |
| Volume/sequential designation | February 2003, 148-156(9) |
| 520 ## - SUMMARY, ETC. | |
| Summary, etc. | Following on from a previous article on National Park powers (Abs66297), discusses the ways in which land currently owned by public bodies in National Parks can be used to further National Park objectives. Considers the rationale behind using public acquisition of land as a means to deliver these objectives and details public body land holdings in National Parks. Suggests that provisions in the Environment Act 1995 that created a duty for public bodies to consider National Park objectives had little impact. Explains the series of possible bases upon which public bodies may own land in the UK and looks at the application of the National Parks and Access to the Countryside Act 1949 s101 to Crown lands. Highlights the role of the Forestry Commission and concludes there is little coherance in the way public bodies approach the relationship between National Park objectives and their own functions. |
| 650 ## - SUBJECT ADDED ENTRY--TOPICAL TERM | |
| Topical term or geographic name entry element | NATIONAL PARKS |
| 650 ## - SUBJECT ADDED ENTRY--TOPICAL TERM | |
| Topical term or geographic name entry element | ENVIRONMENT ACT 1995 |
| 650 ## - SUBJECT ADDED ENTRY--TOPICAL TERM | |
| Topical term or geographic name entry element | PUBLIC BODIES |
| 650 ## - SUBJECT ADDED ENTRY--TOPICAL TERM | |
| Topical term or geographic name entry element | LANDOWNERSHIP |
| 650 ## - SUBJECT ADDED ENTRY--TOPICAL TERM | |
| Topical term or geographic name entry element | NATIONAL PARKS AND ACCESS TO THE COUNTRYSIDE ACT 1949 |
| 650 ## - SUBJECT ADDED ENTRY--TOPICAL TERM | |
| Topical term or geographic name entry element | CROWN LAND |
| 690 ## - LOCAL SUBJECT ADDED ENTRY--TOPICAL TERM (OCLC, RLIN) | |
| Topical term or geographic name as entry element | RURAL-NATURE CONSERVATION |
| 942 ## - ADDED ENTRY ELEMENTS (KOHA) | |
| Suppress in OPAC | 0 |
| Withdrawn status | Lost status | Source of classification or shelving scheme | Damaged status | Not for loan | Home library | Current library | Shelving location | Date acquired | Total Checkouts | Full call number | Barcode | Date last seen | Copy number | Price effective from | Koha item type |
|---|---|---|---|---|---|---|---|---|---|---|---|---|---|---|---|
| Dewey Decimal Classification | London | London | Journal article | 18/02/2003 | X121370 | 121370-1001 | 06/08/2019 | 1 | 06/08/2019 | Journal article |